Statistics for Name That Steven Universe Song!

Click here to take the quiz!

General Stats

  • This quiz has been taken 1,339 times
    (728 since last reset)
  • The average score is 14 of 28

Answer Stats

LyricsTitle% Correct
All I wanna do, is see you turn into, a _____ _____Giant Woman
93%
She was trapped in a mirror, and it couldn't be clearerLapis Lazuli
80%
I know I'm not that rich, I'm trying to get my startLet Me Drive My Van (into your heart)
80%
If I could begin to be Half of what you think of meLove Like You
80%
______ ___! He's a pet for your tummy!Cookie Cat
73%
Where did we go? What did we do? I think we made _________ ________ ___Something Entirely New
73%
I was fine when you came, And we fought like it was all some silly gameIt's Over Isn't It
71%
I am made, o-o-o-o-of lo-o-o-o-oveStronger than you
66%
You __ __ ___ ___, that is to say you'd __ __ ___ him.Do It For Her
65%
C'mon and share this ___ with me!Jam Song
51%
I can show you how to be ______...__ ___ ____ ___Strong in the Real Way
51%
I guess we're already here, I guess we already know.Peace and Love on the Planet Earth
50%
But the moment that I hit the stage, thousands of voices are calling my nameComet
47%
You're losing sight. You're losing touch, All these little things seem to matter so muchHere Comes a Thought
47%
____ ___ _ __ what no one else can do?What Can I Do (For You)
46%
Let's make a plan of attack Start looking forward and stop looking backWhat's the Use of Feeling (Blue)
45%
You might not believe it but you got a lot in common, you really do.Both of You
40%
We're not like the other guys (Where not like anybody!)Steven and the Crystal Gems
40%
Isn't this such, a beautiful night, whoaBe Wherever You Are
38%
Do you believe in _______? I have to when its right in front of me.Destiny
38%
I had to use you to make me feel strongTower of Mistakes
38%
Bright sunny day ____ ____ _______, Light summer breeze ____ ____ _______Don't Cost Nothing
35%
I'm turning heads, and I'm stopping traffic, When I pose, they scream, and when I joke, they laugh.Haven't You Noticed (I'm a Star)
33%
____ ___ ___, remember when...you would sing to meDear Old Dad
32%
But we're leaving them behind, we're __ ___ ___On The Run (Song)
27%
Look at everything you are, Look at everything you doI Think I Need a Little (Change)
19%
You don't need this, you don't need meFull Disclosure (Song)
6%
They make the world go 'round, a treat when you are downDo or Do Nut
5%

Score Distribution

Percentile by Number Answered

Percent of People with Each Score

Your Score History

You have not taken this quiz since the last reset